000 00522nam a2200181Ia 4500
005 20250508153025.0
008 008 250505s9999 xx 000 0 eng d
037 _aTextual
040 _aFEDL
_beng
_cFEDL
041 _aeng
_2eng
084 _a373, MCK
_qFEDL
100 _aMcKean Robert C
_9763012
245 0 _aPrinciples and methods in secondary education
260 _aColumbus, USA
_bCharles E Merrill Book, Inc
_c1962
300 _aix,358p.
942 _cTEXL
_h373, MCK
999 _c1340217
_d1340217